Preparation of trade in consideration of consumer protection

Gespeichert in:
Bibliographische Detailangaben
1. Verfasser: Orgonáš, Jozef, 1957-
Format: Buchkapitel
Sprache:Englisch
Tags: Tag hinzufügen
Keine Tags, Fügen Sie das erste Tag hinzu!

MARC

LEADER 00000nla a2200000 4500
001 0233990
005 20240502083623.3
041 0 |a eng 
044 |a HU 
245 1 0 |a Preparation of trade in consideration of consumer protection  |c Jozef Orgonáš 
500 |a Prezentácia 
100 1 |a Orgonáš, Jozef, 1957-